Представление документа в формате MARC21

Поле Инд. ПП Название Значение
Тип записи a
Библиографический уровень b
001 Контрольный номер RU/IS/BASE/102274110
005 Дата корректировки 20200522190643.4
084 a Индекс другой классификации/Индекс ББК 20.117; 30.2
097 00 a 750
100 10 a Автор Васькова Н. А.
100 1_ a Автор Кургузкин М. Г.
245 00 a Заглавие Экологическое проектирование сложных технических изделий и систем
650 a Основная рубрика техника
a Основная рубрика технология
a Основная рубрика экология
653 00 a Ключевые слова технические изделия
a Ключевые слова утилизационная способность изделия
a Ключевые слова экологическое проектирование
773 00 t Заглавие источника Инженерная экология
d Дата издания источника 2000
g Прочая информация № 4. - С. 50 - 53 : табл.
w Контрольный № источника RU/IS/BASE/102273216
901 t Тип документа b